Statistiques concernant Villes de Bretagne A-Z

Cliquez ici pour prendre le quiz!

Statistiques générales

  • Ce quiz a été pris 279 fois
  • Le résultat moyen est 11 sur 22

Statistiques - réponses

LettreRéponse% Correct
BBrest / Briec / Begard / Binic / Bruz / Betton / Baud / Brech
94%
LLorient / Lanester / Lannion / Lamballe / Landerneau / Landivisiau / Laillé / Liffré
86%
RRennes / Redon / Rospez / Rostrenen / Releck-Kerhuon / Rosporden / Riantec / Rieux
82%
VVannes / Vildé-Guingalan / Vieux Marché / Vern / Vitré / Val d'Oust
81%
QQuimper / Quimperlé / Quessoy / Quévert / Questembert / Quiberon / Quédillac / Québriac
79%
SSaint-Brieuc / Saint-Cast-le-Guildo / Saint-Renan / Saint-Pol-de-Léon / Saint-Malo / Saint-Jacques-de-la-Lande / Saint-Avé / Sené
79%
DDouarnenez / Dirinon / Dinan / Duault / Dol-de-Bretagne / Dinard / Damgan
72%
GGuingamp / Grâces / Guilers / Guipavas / Guichen / Guipry-Messac / Guidel / Guer
65%
FFréhel / Foeil / Fouesnant / Forêt Fouesnant / Fresnais / Fougères / Férel / Faouët
63%
CChâtelaudren / Caulnes / Châteaulin / Crozon / Cesson-Sévigné / Chateaugiron / Carnac / Caudan
62%
PPontivy / Ploemeur / Plérin / Ploufragan / Plouzané / Plougastel-Daoulas / Pleurtuit / Pacé
62%
MMorlaix / Milizac / Méné / Merdrignac / Mordelles / Melesse / Monterblanc / Muzillac
55%
AAuray / Allaire / Andel / Aucaleuc / Arzano / Audierne / Acigné / Argentré du Plessis
51%
HHénon / Hillion / Hôpital-Camfrout / Hanvec / Hirel / Hermitage / Hézo / Hennebont
36%
EErquy / Evran / Elliant / Ergué-Gabéric / Etrelles / Ercé-près-Liffré / Elven / Erdeven
32%
O ; UOuessant / Orgéres / Uzel
28%
TTrégueux / Trébeurden / Taulé / Trégunc / Thorigné-Fouillard / Tinténiac / Treffléan / Theix-Noyalo
28%
JJugon / Juch / Janzé / Javené / Josselin
26%
IIllifaut / Île-de-Bréhat / Île-Tudy / Irvillac / Iffendic / Irodouër / Inzinzac-Lochrist / Inguiniel
21%
YYffiniac- / Yvignac-la-Tour
18%
KKerfot / Kermaria-Sulard / Kersaint / Kerlouan / Kerfourn / Kervignac
16%
NNoyal (existe en 4 fois) / Nevez / Nivillac
12%

Distribution des résultats

Percentile par nombre de réponses

% des personnes avec chaque résultat

Votre développement - résultats

Vous n’avez pas pris ce quiz